[Event "Europa ch 2012 femenino"]
[Site "Gaziantep TUR"]
[Date "2012.03.13"]
[Round "11.27"]
[White "Cherednichenko, Elena"]
[Black "Ozturk, Hilal"]
[Result "1-0"]
[WhiteElo "2130"]
[BlackElo "1784"]
[PlyCount "105"]
[EventDate "2012.03.02"]
[EventType "swiss"]
[EventRounds "11"]
[EventCountry "TUR"]
[Source "lmi"]
[SourceDate "2012.03.02"]

1. d4 d5 2. Nf3 Nf6 3. e3 c5 4. Bd3 Qc7 5. Nbd2 Nbd7 6. O-O e5 7. Nxe5 Nxe5 8.
dxe5 Qxe5 9. Bb5+ Bd7 10. Bxd7+ Nxd7 11. c4 Nb6 12. cxd5 Qxd5 13. e4 Qc6 14.
Nf3 Be7 15. Qc2 O-O 16. b3 Rac8 17. Bb2 Rc7 18. Ne5 Qe6 19. Nf3 Rfc8 20. Bc3
Nd7 21. Rfe1 b5 22. Rac1 b4 23. Bb2 c4 24. Nd4 Qb6 25. Nf5 Bf8 26. bxc4 Rxc4
27. Qb1 a5 28. Rxc4 Rxc4 29. Qd3 Qc7 30. Rd1 Rc2 31. Qd4 Nb6 32. Ne3 Rc6 33. e5
Na4 34. Nd5 Qc8 35. Ba1 Rc4 36. Qd3 Rc2 37. Qb3 Qc6 38. h3 h6 39. Qg3 Rxa2 40.
Nf6+ Kh8 41. Rd8 Rxa1+ 42. Kh2 Qc5 43. Nd7 Ra3 44. Qg4 Kg8 45. Nxc5 Nxc5 46.
Rxf8+ Kxf8 47. Qc8+ Ke7 48. Qxc5+ Ke8 49. f3 Ra2 50. Kg3 Rb2 51. Qxa5 b3 52.
Qa4+ Kd8 53. Qd4+ 1-0

[Event "Europa ch 2012 femenino"]
[Site "Gaziantep TUR"]
[Date "2012.03.13"]
[Round "11.28"]
[White "Bezgodova, Svetlana"]
[Black "Drljevic, Ljilja"]
[Result "1-0"]
[WhiteElo "2109"]
[BlackElo "2278"]
[PlyCount "111"]
[EventDate "2012.03.02"]
[EventType "swiss"]
[EventRounds "11"]
[EventCountry "TUR"]
[Source "lmi"]
[SourceDate "2012.03.02"]

1. Nf3 b5 2. e4 Bb7 3. d3 e6 4. Nbd2 c5 5. g3 d6 6. Bg2 Nf6 7. O-O Be7 8. e5
dxe5 9. Nxe5 Bxg2 10. Kxg2 O-O 11. Qf3 Qd5 12. a4 Bd6 13. Qxd5 Nxd5 14. Nef3 b4
15. b3 Nc6 16. Bb2 f6 17. Nc4 Bc7 18. d4 cxd4 19. Nxd4 Nxd4 20. Bxd4 e5 21. Bc5
Rfd8 22. a5 Kf7 23. Rfe1 g5 24. Kf3 h5 25. h4 g4+ 26. Kg2 Ke6 27. Rad1 Rdb8 28.
f4 gxf3+ 29. Kxf3 Rb5 30. Bd4 a6 31. Bb2 Ne7 32. Bc1 Nc6 33. Re4 f5 34. Re2 e4+
35. Kg2 Rg8 36. Bg5 Ne7 37. Red2 Nd5 38. Kf2 Rg7 39. Rd4 Rd7 40. Kg2 Bxa5 41.
Ra1 Bc7 42. Rxa6+ Kf7 43. Kf2 Bb8 44. Ne3 Ke8 45. Ra8 Kf7 46. Rxd5 Rbxd5 47.
Nxd5 Bxg3+ 48. Kxg3 Rxd5 49. Rc8 Rd1 50. Kf4 Rf1+ 51. Ke5 Rf2 52. Rc7+ Ke8 53.
Ke6 Kf8 54. Bf6 Kg8 55. Rc8+ Kh7 56. Kf7 1-0

[Event "Europa ch 2012 femenino"]
[Site "Gaziantep TUR"]
[Date "2012.03.13"]
[Round "11.29"]
[White "Shaydullina, Sandugach"]
[Black "Uta, Adeline-Ramona"]
[Result "1-0"]
[WhiteElo "2197"]
[BlackElo "2098"]
[PlyCount "69"]
[EventDate "2012.03.02"]
[EventType "swiss"]
[EventRounds "11"]
[EventCountry "TUR"]
[Source "lmi"]
[SourceDate "2012.03.02"]

1. d4 Nf6 2. c4 g6 3. Nc3 Bg7 4. e4 d6 5. h3 O-O 6. Be3 Nbd7 7. Bd3 c5 8. d5 e6
9. Nf3 exd5 10. exd5 a6 11. O-O Qc7 12. a4 Nb6 13. Qd2 Bd7 14. a5 Nc8 15. Bh6
b6 16. Bxg7 Kxg7 17. axb6 Qxb6 18. Ng5 Qb4 19. Rfe1 Nb6 20. Qf4 Qxb2 21. Rec1
Nc8 22. Rab1 Qa3 23. g4 h6 24. Nf3 Qa5 25. Rb7 Qd8 26. Qd2 Re8 27. Qb2 Kg8 28.
Nd2 Bxg4 29. hxg4 Nxg4 30. Nce4 Ne5 31. Bf1 Qh4 32. Qc3 Ne7 33. Qg3 Qxg3+ 34.
fxg3 Kg7 35. Nxd6 1-0

[Event "Europa ch 2012 femenino"]
[Site "Gaziantep TUR"]
[Date "2012.03.13"]
[Round "11.30"]
[White "De Seroux, Camille"]
[Black "Cemhan, Kardelen"]
[Result "1-0"]
[WhiteElo "2122"]
[BlackElo "1954"]
[PlyCount "109"]
[EventDate "2012.03.02"]
[EventType "swiss"]
[EventRounds "11"]
[EventCountry "TUR"]
[Source "lmi"]
[SourceDate "2012.03.02"]

1. e4 c5 2. Nf3 e6 3. d4 cxd4 4. Nxd4 a6 5. Bd3 Nc6 6. Nb3 Nf6 7. O-O d5 8.
N1d2 Be7 9. Qe2 Qc7 10. f4 dxe4 11. Nxe4 O-O 12. Bd2 b5 13. Rae1 g6 14. Kh1 Rd8
15. a3 Nxe4 16. Bxe4 Bf6 17. Ba5 Nxa5 18. Bxa8 Bxb2 19. Nxa5 Qxa5 20. Rd1 e5
21. fxe5 Be6 22. Be4 Rxd1 23. Rxd1 Qxa3 24. Bd5 Bxd5 25. Rxd5 Qa1+ 26. Rd1 Qa3
27. e6 Qe7 28. exf7+ Kxf7 29. Qg4 Qe6 30. Rf1+ Bf6 31. Qf3 Kg7 32. Qb7+ Kh6 33.
Qb8 Qe5 34. Qf8+ Bg7 35. Qf3 Qh5 36. Qe3+ Qg5 37. Qh3+ Qh5 38. Qe3+ Qg5 39. Rf4
Bf6 40. Qh3+ Kg7 41. Qd7+ Kh6 42. Qd2 Kg7 43. Qd7+ Kh6 44. Rf1 Be5 45. Qe8 Qh5
46. Qf8+ Bg7 47. Qf4+ Qg5 48. Qe4 Be5 49. Re1 Bf6 50. Re3 a5 51. Qe8 Qf5 52.
Qf8+ Bg7 53. Rh3+ Kg5 54. Rg3+ Kh5 55. Qxf5+ 1-0

[Event "Europa ch 2012 femenino"]
[Site "Gaziantep TUR"]
[Date "2012.03.13"]
[Round "11.33"]
[White "Martynkova, Olena"]
[Black "Alev, Gonulden Seda"]
[Result "1-0"]
[WhiteElo "1689"]
[BlackElo "1612"]
[PlyCount "75"]
[EventDate "2012.03.02"]
[EventType "swiss"]
[EventRounds "11"]
[EventCountry "TUR"]
[Source "lmi"]
[SourceDate "2012.03.02"]

1. e4 c5 2. Nf3 d6 3. d4 cxd4 4. Nxd4 Nf6 5. Nc3 a6 6. Be3 e5 7. Nf3 h6 8. Bc4
b5 9. Bd5 b4 10. Bxa8 bxc3 11. bxc3 Qc7 12. O-O Be7 13. Rb1 Nbd7 14. Nd2 O-O
15. Qe2 Nc5 16. Bxc5 Qxc5 17. Bb7 Qxc3 18. Bxc8 Qxc8 19. Nc4 Qc7 20. Nb6 a5 21.
Rfd1 Qc6 22. Nd5 Bd8 23. Nxf6+ Bxf6 24. Qd3 Rc8 25. Rb2 Be7 26. Qd5 Qc3 27. Rb7
Bf8 28. Qxf7+ Kh8 29. h3 Qxc2 30. Rxd6 Qxe4 31. Rxh6+ gxh6 32. Qf6+ Kg8 33.
Qe6+ Kh8 34. Qxc8 Qe1+ 35. Kh2 Qxf2 36. Qg4 Qxa2 37. Qf5 Qg8 38. Rb8 1-0

[Event "Europa ch 2012 femenino"]
[Site "Gaziantep TUR"]
[Date "2012.03.13"]
[Round "11.36"]
[White "Zawadzka, Jolanta"]
[Black "Manakova, Maria"]
[Result "1-0"]
[WhiteElo "2358"]
[BlackElo "2315"]
[PlyCount "131"]
[EventDate "2012.03.02"]
[EventType "swiss"]
[EventRounds "11"]
[EventCountry "TUR"]
[Source "lmi"]
[SourceDate "2012.03.02"]

1. e4 c5 2. Nf3 Nc6 3. d4 cxd4 4. Nxd4 e5 5. Nb5 d6 6. N1c3 a6 7. Na3 Be6 8.
Nc4 Rc8 9. Be3 Nd4 10. Bxd4 Bxc4 11. Bxc4 Rxc4 12. Be3 Nf6 13. Qd3 Qc8 14. a4
h6 15. O-O Be7 16. f3 O-O 17. Rfd1 Rd8 18. Rd2 Rd7 19. a5 Bd8 20. Kh1 Rc6 21.
Ra4 b5 22. axb6 Bxb6 23. Bxb6 Rxb6 24. Rc4 Rc6 25. Rxc6 Qxc6 26. b3 Qc5 27. Na4
Qc6 28. c4 Rb7 29. g3 Ne8 30. Kg2 Rb4 31. Qc2 Qb7 32. Rd3 Nc7 33. Rxd6 Rxb3 34.
c5 Rb4 35. Rb6 Rxb6 36. cxb6 Nb5 37. Qc5 Qd7 38. Qd5 Qc8 39. b7 Qc2+ 40. Kh3
Qc7 41. Nc5 Nd6 42. Nxa6 Qxb7 43. Qxd6 Qc8+ 44. g4 Qc4 45. Qb6 Qf1+ 46. Kg3 h5
47. gxh5 Qc1 48. Qb8+ Kh7 49. Qxe5 Qg1+ 50. Kh4 g6 51. hxg6+ fxg6 52. Nc7 Qf2+
53. Qg3 Qd2 54. Ne6 Qh6+ 55. Kg4 Qh5+ 56. Kf4 Kg8 57. Ng5 Qh6 58. Ke3 Qf8 59.
Qe5 Qa3+ 60. Kf2 Qa7+ 61. Kg2 Qa2+ 62. Kg3 Kf8 63. Qf6+ Ke8 64. Qxg6+ Kd8 65.
Qf6+ Kc7 66. Qf7+ 1-0

[Event "Europa ch 2012 femenino"]
[Site "Gaziantep TUR"]
[Date "2012.03.13"]
[Round "11.38"]
[White "Romanko, Marina"]
[Black "Dworakowska, Joanna"]
[Result "1-0"]
[WhiteElo "2417"]
[BlackElo "2304"]
[PlyCount "61"]
[EventDate "2012.03.02"]
[EventType "swiss"]
[EventRounds "11"]
[EventCountry "TUR"]
[Source "lmi"]
[SourceDate "2012.03.02"]

1. d4 Nf6 2. c4 g6 3. Nf3 Bg7 4. g3 O-O 5. Bg2 c5 6. O-O cxd4 7. Nxd4 Nc6 8.
Nc3 Nxd4 9. Qxd4 d6 10. Qd3 Rb8 11. e4 Ng4 12. Bd2 Bd7 13. Rab1 a6 14. a4 f5
15. b3 Ne5 16. Qe2 e6 17. exf5 gxf5 18. Bf4 Ng6 19. Bxd6 Bxc3 20. Bxb8 Qxb8 21.
Qd3 Qe5 22. Qxd7 f4 23. Qxb7 Rf5 24. Rbd1 Qf6 25. Be4 fxg3 26. hxg3 Rg5 27.
Bxg6 Rxg6 28. Rd7 Qf8 29. Rc7 Ba5 30. Rc8 Bd8 31. Qd7 1-0

[Event "Europa ch 2012 femenino"]
[Site "Gaziantep TUR"]
[Date "2012.03.13"]
[Round "11.39"]
[White "Mikadze, Miranda"]
[Black "Zhukova, Natalia"]
[Result "0-1"]
[WhiteElo "2329"]
[BlackElo "2435"]
[PlyCount "104"]
[EventDate "2012.03.02"]
[EventType "swiss"]
[EventRounds "11"]
[EventCountry "TUR"]
[Source "lmi"]
[SourceDate "2012.03.02"]

1. e4 e6 2. d4 d5 3. Nc3 Bb4 4. e5 c5 5. Bd2 Ne7 6. Bc1 Ng8 7. Bd2 Ne7 8. dxc5
O-O 9. Bd3 Nbc6 10. f4 Bxc5 11. Nf3 Nf5 12. Qe2 Ncd4 13. Nxd4 Nxd4 14. Qh5 g6
15. Qh6 Nf5 16. Qh3 Qh4+ 17. Qxh4 Nxh4 18. g3 Nf3+ 19. Ke2 Nxd2 20. Kxd2 Bd7
21. Nd1 Bc6 22. Rf1 Kg7 23. Nf2 b5 24. h4 h5 25. Nh3 a5 26. Ng5 b4 27. Be2 Bd7
28. Rad1 a4 29. Kc1 Ra7 30. Nf3 Rc8 31. Kb1 a3 32. b3 Bb6 33. Bd3 Rac7 34. Rd2
Rc3 35. Rg2 Kf8 36. Rd1 Ke7 37. Ng5 R8c7 38. Nh7 R7c5 39. Ng5 Bb5 40. Bxb5 Rxb5
41. Nh3 Rbc5 42. f5 gxf5 43. Nf4 Rc8 44. Nxh5 Re3 45. Nf4 Rg8 46. Nd3 Rexg3 47.
Rxg3 Rxg3 48. Nxb4 f4 49. Rf1 Be3 50. c3 f3 51. Nc2 Bd2 52. c4 f2 0-1

[Event "Europa ch 2012 femenino"]
[Site "Gaziantep TUR"]
[Date "2012.03.13"]
[Round "11.40"]
[White "Batsiashvili, Nino"]
[Black "Arabidze, Meri"]
[Result "1/2-1/2"]
[WhiteElo "2438"]
[BlackElo "2337"]
[PlyCount "125"]
[EventDate "2012.03.02"]
[EventType "swiss"]
[EventRounds "11"]
[EventCountry "TUR"]
[Source "lmi"]
[SourceDate "2012.03.02"]

1. Nf3 Nf6 2. c4 e6 3. Nc3 Bb4 4. Qb3 c5 5. g3 Nc6 6. a3 Ba5 7. Bg2 O-O 8. O-O
d5 9. d3 h6 10. cxd5 exd5 11. Na4 Qe7 12. Qc2 Re8 13. e3 Bb6 14. b3 Bf5 15. Bb2
Rac8 16. Rac1 Na5 17. Nxb6 axb6 18. Nd2 c4 19. bxc4 Nxc4 20. Nxc4 dxc4 21. e4
cxd3 22. Bxf6 gxf6 23. Qxd3 Rxc1 24. Rxc1 Bxe4 25. Bxe4 Qxe4 26. Qd6 Qe6 27.
Qd4 Rc8 28. Rxc8+ Qxc8 29. Qxb6 Qc1+ 30. Kg2 Qxa3 31. Qxb7 Kg7 32. Qe4 Qc5 33.
h4 Qb5 34. Qg4+ Kh7 35. Qf4 Kg7 36. Kf3 Qd3+ 37. Kg2 Qb5 38. Qe4 Qc5 39. Kf3
Qb5 40. Kg4 Qc5 41. Qf5 Qd4+ 42. Kh5 Qd2 43. f4 Qe3 44. Qg4+ Kh7 45. f5 Qd2 46.
Qc4 Kg8 47. Qe4 Kh7 48. Qf3 Kg8 49. Qa8+ Kg7 50. Qa4 Kh7 51. Qe4 Kg8 52. Qc4
Qe3 53. g4 Kg7 54. Qb4 Kg8 55. Qd6 Kg7 56. Qc6 Qd2 57. Qb6 Qf4 58. Qa6 Qd2 59.
Qc6 Qe3 60. Qd6 Qh3 61. Qf4 Kg8 62. Qxh6 Qxg4+ 63. Kxg4 1/2-1/2

[Event "Europa ch 2012 femenino"]
[Site "Gaziantep TUR"]
[Date "2012.03.13"]
[Round "11.41"]
[White "Bronnikova, Elizaveta"]
[Black "Charochkina, Daria"]
[Result "1/2-1/2"]
[WhiteElo "2252"]
[BlackElo "2371"]
[PlyCount "127"]
[EventDate "2012.03.02"]
[EventType "swiss"]
[EventRounds "11"]
[EventCountry "TUR"]
[Source "lmi"]
[SourceDate "2012.03.02"]

1. e4 c6 2. d4 d5 3. Nc3 dxe4 4. Nxe4 Bf5 5. Ng3 Bg6 6. Nf3 Nd7 7. Bd3 Bxd3 8.
Qxd3 Ngf6 9. Bd2 e6 10. c4 Be7 11. Bc3 O-O 12. O-O a5 13. Rfe1 Re8 14. Rad1 Qc7
15. Ne5 Nb6 16. b3 c5 17. Ne4 Nxe4 18. Qxe4 cxd4 19. Bxd4 Bb4 20. Re3 Rad8 21.
Rh3 h6 22. Rhd3 Nc8 23. Bb2 Nd6 24. Qe2 f6 25. Ng4 e5 26. Ne3 Bc5 27. Rd5 b6
28. Qd3 e4 29. Qe2 a4 30. Qg4 Kh8 31. Rh5 Qf7 32. Nd5 e3 33. Bxf6 exf2+ 34. Kf1
Ne4 35. Be5 Bd6 36. Rxh6+ Kg8 37. Qxe4 gxh6 38. Nf6+ Qxf6 39. Bxf6 Rxe4 40.
Bxd8 Bc5 41. Bc7 Re3 42. bxa4 Rc3 43. a5 bxa5 44. Bxa5 Ra3 45. Bd2 Kh7 46. Bf4
Rxa2 47. Bd6 Be3 48. c5 Rc2 49. g3 Bxc5 50. Bxc5 Rxc5 51. Rd2 Kg6 52. Kxf2 Rc6
53. Ke3 Re6+ 54. Kf4 Rf6+ 55. Ke5 Rf5+ 56. Ke4 Rf6 57. Rd5 Re6+ 58. Re5 Ra6 59.
g4 Ra4+ 60. Kf3 Ra3+ 61. Kf4 Ra4+ 62. Re4 Rxe4+ 63. Kxe4 h5 64. Kf4 1/2-1/2

[Event "Europa ch 2012 femenino"]
[Site "Gaziantep TUR"]
[Date "2012.03.13"]
[Round "11.42"]
[White "Khurtsidze, Nino"]
[Black "Goryachkina, Aleksandra"]
[Result "1-0"]
[WhiteElo "2447"]
[BlackElo "2341"]
[PlyCount "111"]
[EventDate "2012.03.02"]
[EventType "swiss"]
[EventRounds "11"]
[EventCountry "TUR"]
[Source "lmi"]
[SourceDate "2012.03.02"]

1. Nf3 d5 2. e3 Nf6 3. b3 Bg4 4. Bb2 e6 5. h3 Bh5 6. c4 c6 7. Be2 Nbd7 8. d3
Qa5+ 9. Nbd2 Ba3 10. Qc2 Bxb2 11. Qxb2 Bxf3 12. Bxf3 O-O 13. O-O e5 14. Rfc1
Rfe8 15. Be2 Qb6 16. b4 a5 17. a3 axb4 18. axb4 Rec8 19. c5 Qd8 20. Nb3 b6 21.
Rxa8 Rxa8 22. b5 Rc8 23. d4 exd4 24. bxc6 Nxc5 25. Nxd4 Nfe4 26. Rb1 Na4 27.
Qb4 Nac3 28. Rb2 Nxe2+ 29. Rxe2 Nd6 30. Ra2 Qc7 31. Ra6 Nc4 32. Qa4 Na5 33. Qb5
Rb8 34. Qxd5 Rd8 35. Ra7 Rxd5 36. Rxc7 Kf8 37. Rb7 Rd8 38. Rxb6 Rc8 39. Ra6 Nc4
40. Kf1 g6 41. Ke2 Nd6 42. Kd3 h5 43. e4 Ke7 44. Ra7+ Ke8 45. e5 Nf5 46. Nxf5
gxf5 47. c7 Kd7 48. Ke3 Kc6 49. Ra2 Kd5 50. Kf4 Rxc7 51. Kxf5 Rc4 52. Rd2+ Kc6
53. Rd6+ Kb5 54. Kg5 Rc5 55. f4 Rc2 56. g3 1-0

[Event "Europa ch 2012 femenino"]
[Site "Gaziantep TUR"]
[Date "2012.03.13"]
[Round "11.43"]
[White "Schleining, Zoya"]
[Black "Muzychuk, Mariya"]
[Result "1-0"]
[WhiteElo "2326"]
[BlackElo "2490"]
[PlyCount "125"]
[EventDate "2012.03.02"]
[EventType "swiss"]
[EventRounds "11"]
[EventCountry "TUR"]
[Source "lmi"]
[SourceDate "2012.03.02"]

1. d4 f5 2. g3 Nf6 3. Bg2 g6 4. Nd2 Bg7 5. c3 Nc6 6. Nh3 e5 7. d5 Ne7 8. d6
cxd6 9. Nc4 d5 10. Nxe5 d6 11. Nf3 Be6 12. Nd4 Bf7 13. Bg5 O-O 14. Nf4 Qd7 15.
Bxf6 Bxf6 16. e3 Kg7 17. h4 h5 18. Qb3 Rac8 19. Qb5 Rfd8 20. Qxd7 Rxd7 21.
O-O-O a6 22. Kb1 Be5 23. Nde2 Rc5 24. Rd2 b5 25. Rhd1 Rb7 26. Nxd5 Nxd5 27.
Bxd5 Bxd5 28. Rxd5 Rxd5 29. Rxd5 Kf7 30. Nd4 Bxd4 31. Rxd4 Ke6 32. Kc2 d5 33.
a4 Kd6 34. Rb4 Kc5 35. Kd3 Rg7 36. axb5 axb5 37. Rb3 g5 38. hxg5 Rxg5 39. Rb4
Rg8 40. Rh4 Rg5 41. Ke2 Kd6 42. Kf3 Ke5 43. Rb4 Rg4 44. Rxb5 h4 45. gxh4 Rxh4
46. Rb4 Rh3+ 47. Kg2 Rh8 48. Kf3 Rh3+ 49. Ke2 Rh1 50. Rb5 Kd6 51. Rb6+ Ke7 52.
Kf3 Rf1 53. Kg3 Kd7 54. f3 Ke7 55. Kf4 Rf2 56. Kxf5 Rxf3+ 57. Ke5 Rxe3+ 58.
Kxd5 Kd7 59. Rb7+ Kc8 60. Rh7 Rg3 61. Kc4 Rg2 62. b4 Rg3 63. Kb3 1-0

[Event "Europa ch 2012 femenino"]
[Site "Gaziantep TUR"]
[Date "2012.03.13"]
[Round "11.45"]
[White "Sandu, Mihaela"]
[Black "Repkova, Eva"]
[Result "1-0"]
[WhiteElo "2253"]
[BlackElo "2416"]
[PlyCount "109"]
[EventDate "2012.03.02"]
[EventType "swiss"]
[EventRounds "11"]
[EventCountry "TUR"]
[Source "lmi"]
[SourceDate "2012.03.02"]

1. e4 d5 2. exd5 Qxd5 3. Nc3 Qa5 4. d4 c6 5. Nf3 Nf6 6. Bc4 Bf5 7. Ne5 e6 8. g4
Be4 9. O-O Bd5 10. Bd3 Nbd7 11. Qe2 Nxe5 12. dxe5 Nd7 13. a3 h5 14. g5 O-O-O
15. Bd2 h4 16. b4 Qc7 17. Nxd5 cxd5 18. f4 Nb6 19. c3 Kb8 20. Be3 f6 21. exf6
gxf6 22. Bd4 e5 23. fxe5 Rg8 24. exf6 Rxg5+ 25. Kh1 Nc4 26. Rg1 Rxg1+ 27. Rxg1
Qc6 28. Qf2 h3 29. Bxa7+ Ka8 30. Bd4 Nd6 31. Qh4 Ne4 32. Qxh3 Nxf6 33. Qf5 Be7
34. Re1 Ng8 35. Qe6 Bf6 36. Qxc6 bxc6 37. Bxf6 Nxf6 38. Re6 Ng4 39. Be2 Nf2+
40. Kg2 Ne4 41. Rxc6 Kb7 42. Rg6 Nxc3 43. Bd3 Ra8 44. h4 Rxa3 45. h5 Ra2+ 46.
Kg3 Ra1 47. Kh2 Ne4 48. Bxe4 dxe4 49. Re6 Re1 50. h6 Re2+ 51. Kg3 Re3+ 52. Kf4
Rh3 53. Kxe4 Rh4+ 54. Kf5 Rxb4 55. Re4 1-0

[Event "Europa ch 2012 femenino"]
[Site "Gaziantep TUR"]
[Date "2012.03.13"]
[Round "11.46"]
[White "Girya, Olga"]
[Black "Ziaziulkina, Nastassia"]
[Result "1-0"]
[WhiteElo "2406"]
[BlackElo "2343"]
[PlyCount "91"]
[EventDate "2012.03.02"]
[EventType "swiss"]
[EventRounds "11"]
[EventCountry "TUR"]
[Source "lmi"]
[SourceDate "2012.03.02"]

1. d4 d5 2. Nf3 Nf6 3. c4 c6 4. Nc3 a6 5. a4 e6 6. Bg5 a5 7. e3 Na6 8. Bd3 Nb4
9. Bb1 Be7 10. O-O O-O 11. Qe2 g6 12. e4 dxe4 13. Bxe4 b6 14. Rad1 Nxe4 15.
Nxe4 Ba6 16. h4 Re8 17. b3 Ra7 18. Qe3 f6 19. Bh6 Bf8 20. Bxf8 Rxf8 21. Rd2 Re7
22. Qh6 Rd7 23. Rfd1 Qe7 24. Re1 Qg7 25. Qf4 Qf7 26. Nh2 Qg7 27. Ng4 f5 28.
Nh6+ Kh8 29. Ng5 Re7 30. Rxe6 Bc8 31. Re3 Rxe3 32. fxe3 Qe7 33. d5 Kg7 34. d6
Qd7 35. h5 c5 36. hxg6 hxg6 37. g3 Nc6 38. Rh2 Rh8 39. Ngf7 Rh7 40. Ng5 Rh8 41.
Ngf7 Re8 42. g4 fxg4 43. Ng5 Rf8 44. Nhf7 Qf5 45. Rh7+ Kf6 46. Nh6 1-0

[Event "Europa ch 2012 femenino"]
[Site "Gaziantep TUR"]
[Date "2012.03.13"]
[Round "11.47"]
[White "Ivakhinova, Inna"]
[Black "Vojinovic, Jovana"]
[Result "0-1"]
[WhiteElo "2285"]
[BlackElo "2356"]
[PlyCount "74"]
[EventDate "2012.03.02"]
[EventType "swiss"]
[EventRounds "11"]
[EventCountry "TUR"]
[Source "lmi"]
[SourceDate "2012.03.02"]

1. d4 e6 2. c4 Bb4+ 3. Nd2 b6 4. Ngf3 Bb7 5. g3 f5 6. a3 Bxd2+ 7. Qxd2 Nf6 8.
Bg2 O-O 9. O-O Nc6 10. b4 Ne7 11. Bb2 a6 12. a4 b5 13. Qd3 Be4 14. Qc3 bxc4 15.
Qxc4 Nfd5 16. Rfc1 Nc8 17. Ne5 Nd6 18. Qb3 f4 19. f3 Bf5 20. Rc5 Rb8 21. Ba3
Rb6 22. Re1 Kh8 23. a5 Rb5 24. Nd3 Bxd3 25. Qxd3 c6 26. Qd2 Qf6 27. Rcc1 Qg6
28. g4 Qf6 29. Rb1 Nc4 30. Qd3 Nxa3 31. Qxa3 Qxd4+ 32. Kh1 Rfb8 33. Red1 Qe5
34. Rb2 c5 35. Rc2 Ne3 36. Rcd2 Nxd1 37. Rxd1 Rxb4 0-1

[Event "Europa ch 2012 femenino"]
[Site "Gaziantep TUR"]
[Date "2012.03.13"]
[Round "11.48"]
[White "Kashlinskaya, Alina"]
[Black "Videnova, Iva"]
[Result "0-1"]
[WhiteElo "2377"]
[BlackElo "2301"]
[PlyCount "66"]
[EventDate "2012.03.02"]
[EventType "swiss"]
[EventRounds "11"]
[EventCountry "TUR"]
[Source "lmi"]
[SourceDate "2012.03.02"]

1. d4 Nf6 2. c4 e6 3. Nc3 Bb4 4. e3 b6 5. Nge2 c5 6. a3 Ba5 7. Bd2 O-O 8. g3
Bb7 9. d5 b5 10. Nxb5 exd5 11. Bg2 Bc6 12. Nbc3 dxc4 13. e4 Re8 14. O-O Bxc3
15. Nxc3 Nxe4 16. Nxe4 Bxe4 17. Ba5 Qc8 18. Bxe4 Rxe4 19. Qf3 d5 20. Rad1 Nc6
21. Rxd5 Qe6 22. Rxc5 Nd4 23. Qh5 Re8 24. Kg2 Nb3 25. Rb5 Nd4 26. Rc5 Re2 27.
Qd5 Nb3 28. Qxe6 fxe6 29. Kf3 Rxb2 30. Rg5 e5 31. Bc3 Rc2 32. Be1 Nd4+ 33. Kg2
c3 0-1

[Event "Europa ch 2012 femenino"]
[Site "Gaziantep TUR"]
[Date "2012.03.13"]
[Round "11.50"]
[White "Borosova, Zuzana"]
[Black "Paikidze, Nazi"]
[Result "0-1"]
[WhiteElo "2302"]
[BlackElo "2406"]
[PlyCount "82"]
[EventDate "2012.03.02"]
[EventType "swiss"]
[EventRounds "11"]
[EventCountry "TUR"]
[Source "lmi"]
[SourceDate "2012.03.02"]

1. e4 c5 2. Nf3 d6 3. d4 cxd4 4. Nxd4 Nf6 5. Nc3 a6 6. f4 e5 7. Nf3 Nbd7 8. a4
Be7 9. Bc4 Qa5 10. Qe2 O-O 11. O-O exf4 12. Kh1 Ne5 13. Bb3 Ng6 14. Nd5 Nxd5
15. Bxd5 Bf6 16. Qc4 Qc5 17. Qxc5 dxc5 18. Ne1 Be6 19. Bxb7 Ra7 20. Bd5 c4 21.
a5 Bxd5 22. exd5 Rd7 23. Ra4 Rc8 24. Bxf4 Rxd5 25. c3 Nxf4 26. Rxf4 Re8 27. Ra1
Rxa5 28. Rb1 Rb5 29. Nf3 Bxc3 30. Rxc4 Bxb2 31. Rc6 Ra8 32. h4 h6 33. Rc7 Rab8
34. Rd1 a5 35. Ra7 R8b7 36. Rd8+ Kh7 37. Raa8 g6 38. Nd4 Bxd4 39. Rxd4 Rb4 40.
Rad8 Rxd4 41. Rxd4 Rb4 0-1

[Event "Europa ch 2012 femenino"]
[Site "Gaziantep TUR"]
[Date "2012.03.13"]
[Round "11.51"]
[White "Bojkovic, Natasa"]
[Black "Mamedjarova, Turkan"]
[Result "1/2-1/2"]
[WhiteElo "2395"]
[BlackElo "2284"]
[PlyCount "138"]
[EventDate "2012.03.02"]
[EventType "swiss"]
[EventRounds "11"]
[EventCountry "TUR"]
[Source "lmi"]
[SourceDate "2012.03.02"]

1. e4 e5 2. Nf3 Nc6 3. Bb5 a6 4. Ba4 Nf6 5. O-O b5 6. Bb3 Bc5 7. Nc3 d6 8. Nd5
Bg4 9. h3 Bxf3 10. Qxf3 Nd4 11. Nxf6+ Qxf6 12. Qxf6 gxf6 13. c3 Ne2+ 14. Kh2 h5
15. h4 c6 16. d3 Nxc1 17. Raxc1 Ke7 18. g3 Bb6 19. Kg2 Ra7 20. Rcd1 Rd7 21. f4
d5 22. fxe5 fxe5 23. exd5 cxd5 24. d4 e4 25. Rf5 Rg8 26. Bxd5 Bc7 27. Rxf7+ Ke8
28. Rxd7 Rxg3+ 29. Kf2 e3+ 30. Ke2 Kxd7 31. Rh1 Bf4 32. Bf3 Bh6 33. b3 Ke7 34.
c4 bxc4 35. bxc4 Bg7 36. Rd1 Rh3 37. Kxe3 Rxh4 38. c5 Kd7 39. d5 Rc4 40. c6+
Kd6 41. Bxh5 Ra4 42. Rb1 Bd4+ 43. Kd3 Be5 44. Rc1 Ra3+ 45. Kc4 Ra5 46. Kb4 Rb5+
47. Ka4 Kc7 48. Bf7 Bd6 49. a3 Kb6 50. Be6 Ra5+ 51. Kb3 Rxa3+ 52. Kc4 Ra4+ 53.
Kd3 Bc7 54. Rb1+ Kc5 55. Rb7 Kd6 56. Kc3 a5 57. Rb1 Ra3+ 58. Kc4 Ra4+ 59. Kc3
Ra3+ 60. Kc2 Rg3 61. Rf1 Rg7 62. Kb3 Kc5 63. Ka4 Rh7 64. Rc1+ Kb6 65. Rc2 Rh4+
66. Kb3 Be5 67. Re2 a4+ 68. Ka2 Bd6 69. Bf5 Rh2 1/2-1/2